000 00277nam a22001217a 4500
008 170622b xxu||||| |||| 00| 0 eng d
041 _aeng
080 _a32
100 _a20
101 _aSHM
245 _aCHOICE IN AMERICAN FOREIGN POLICY
_cCOBBLEDICK, J.R
942 _2udc
_cBK
999 _c18754
_d18754